Management information systems for the information age /

Guardado en:
Detalles Bibliográficos
Autor principal: Haag, Stephen
Otros Autores: Cummings, Maeve, Dawkins, James
Formato: Libro
Publicado: Boston, Mass. : Irwin McGraw-Hill, c1998.
Materias:
Etiquetas: Agregar Etiqueta
Sin Etiquetas, Sea el primero en etiquetar este registro!

MARC

LEADER 00000pam a2200000 a 4500
020 |a 0070254656 (acidfree)  |c TZS 1662.5 
040 |a MUL  |b eng  |e AACR 
082 0 0 |a 658.4038011 HAA 
100 1 |a Haag, Stephen. 
245 1 0 |a Management information systems for the information age /  |c Stephen Haag, Maeve Cummings, James Dawkins. 
260 |a Boston, Mass. :  |b Irwin McGraw-Hill,  |c c1998. 
300 |a xxiv, 528 p. :  |b col. ill. ;  |c 28 cm. 
504 |a Includes bibliographical references (p. 507-514) and index. 
546 |a eng. 
650 0 |a Management information systems. 
650 0 |a Information technology. 
700 1 |a Cummings, Maeve. 
700 1 |a Dawkins, James. 
942 |c BK 
999 |c 5485  |d 5485